Understanding communications systems :
সংরক্ষণ করুন:
| বিন্যাস: | গ্রন্থ |
|---|---|
| ভাষা: | Undetermined |
| প্রকাশিত: |
Indianapolis
H.W. Sams
1984
|
| বিষয়গুলি: | |
| ট্যাগগুলো: |
ট্যাগ যুক্ত করুন
কোনো ট্যাগ নেই, প্রথমজন হিসাবে ট্যাগ করুন!
|
| Thư viện lưu trữ: | Trung tâm Học liệu Trường Đại học Cần Thơ |
|---|
| LEADER | 00473nam a2200169Ia 4500 | ||
|---|---|---|---|
| 001 | CTU_97629 | ||
| 008 | 210402s9999 xx 000 0 und d | ||
| 082 | |a 621.3819 | ||
| 082 | |b U55 | ||
| 245 | 0 | |a Understanding communications systems : | |
| 245 | 0 | |c Written by Don L. Cannon, Gerald Luecke | |
| 260 | |a Indianapolis | ||
| 260 | |b H.W. Sams | ||
| 260 | |c 1984 | ||
| 650 | |a Telecommunication | ||
| 904 | |i M.Loan | ||
| 980 | |a Trung tâm Học liệu Trường Đại học Cần Thơ | ||